000 00709nas a2200241 4500
001 BR0904640
003 BR-BrBNA
005 20231205113336.0
007 ta
008 230509b bl.|||p| |||| 00| 00por d
040 _aBR-BrBNA
_bpor
_cBiblioteca Nacional de Agricultura
041 _a(Pt)
072 _aE10
100 1 _aCaliari, R.O.
100 1 _aAlencar, E.
100 1 _aAmâncio, R.
245 1 _aPedagogia da alternância e desenvolvimento local
650 _aPEDAGOGIA
650 _aAGRICULTURA
773 0 _tOrganização Rurais e Agroindustriais (Brazil)
_xISSN 1517-3879
_g(Jul-Dec 2002), v. 4(2) p. 52-62
_wBR0904640
909 _a202311
_bLúcia
_c55
_dLúcia Elande
942 _2AGRIS
_n0
_cANA
999 _c203249
_d203249